01438nas a2200241Ia 4500001001100000003001000011008004100021040002500062041001300087100002100100210002300121222002300144245006100167250001100228260009200239300001100331310001200342362003500354500033500389501011400724520033500838650002301173R052-S4718IT-CnALBA170116c99999999xx |||||||||||| ||und|| aIT-CnALBAcIT-CnALBA aITALIANO aSUPERBO AGOSTINO aPRESENZA PASTORALE aPRESENZA PASTORALE 0aPRESENZA PASTORALE. IL GIORNO DEL SIGNORE. APRILE 1998.  a1a ed. aROMA.bAZIONE CATT. ITAL. UNIONE. MILANOc1998 [1° Ed.:1998 - Ed.Ling.Originale: 1998] a96 p.  aMENSILE aFascicolo: 4 / Anno: 68 (1998) aEDITORIALE, CELEBRAZIONE DOMENICA. LETTERA APOSTOLICA DIES DOMINI. GIORNO DI FESTA. MAZZA C. L'OPERA DEL CREATORE, RUSSOTTO M. LA RISURREZIONE. LIEGGI P. J. GIORNO DELLA SPERANZA. JACOBONE L. GIORNO DELL'UOMO, RIPOSO E SOLIDARIETÀ. TEMPO NEGATO, TEMPO RINCORSO, TEMPO REDENTO? DE CARLI A. LA COMUNITÀ DI DOMENICA. SIGURANI P.  aSocietà San Paolo EM - Piazza San Paolo, 14 - 12051 ALBA (CN) (non commercial uses only) ® Copyright 2017 aEDITORIALE, CELEBRAZIONE DOMENICA. LETTERA APOSTOLICA DIES DOMINI. GIORNO DI FESTA. MAZZA C. L'OPERA DEL CREATORE, RUSSOTTO M. LA RISURREZIONE. LIEGGI P. J. GIORNO DELLA SPERANZA. JACOBONE L. GIORNO DELL'UOMO, RIPOSO E SOLIDARIETÀ. TEMPO NEGATO, TEMPO RINCORSO, TEMPO REDENTO? DE CARLI A. LA COMUNITÀ DI DOMENICA. SIGURANI P.  aTEOLOGIA PASTORALE